Flags That Don't Exist Anymore - Statistics

General Stats
  • This quiz has been taken 48 times
  • The average score is 6 of 12
Answer Stats
Picture Answer % Correct
Austria-Hungary
93%
Prussia
85%
USSR
85%
Yugoslavia
78%
North German Confederation
71%
Russian Empire
61%
French Empire
59%
Holy Roman Empire
54%
Confederation of The Rhine
22%
Sweden-Norway
20%
Duchy of Brittany
12%
Republic of Genoa
10%
No matching quizzes found
Score Distribution
Percent of People with Each Score
Percentile by Number Answered
Your Score History
You have not taken this quiz